| 000 | 00732nam a22002297a 4500 | ||
|---|---|---|---|
| 005 | 20170124110004.0 | ||
| 010 | _aA-382008 | ||
| 020 |
_c00.00 _a8170450519 |
||
| 035 | _aA-382008 | ||
| 037 | _bCen Lib/Ret | ||
| 040 |
_aDPL _bEN |
||
| 082 |
_a361.954 _bPAR |
||
| 100 |
_aParanjpe, Nalini _916565 |
||
| 245 |
_aSocial welfare in India : _cby Nalini Paranjpe _ba policy perspective / |
||
| 260 |
_aNew Delhi _bAssociated Publishing House _c1990 |
||
| 270 |
_aE-22, Preet Vihar, Vikas Marg _bNew Delhi _e110092 |
||
| 300 |
_a92p. _b22cm(Hb) |
||
| 500 | _aIncludes bibliographical references and index. | ||
| 650 |
_aPublic welfare _910063 |
||
| 650 |
_aSocial policy _98412 |
||
| 942 |
_2ddc _cEN _h361.954 _mPAR |
||
| 999 |
_c126099 _d126099 |
||